| 000 | 00740nam a2200217 a 4500 | ||
|---|---|---|---|
| 003 | OSt | ||
| 005 | 20140310182500.0 | ||
| 008 | 110614s19uu xx 00 eng d | ||
| 020 | _a9780123751461 | ||
| 050 |
_aQR 358 _b.D459 2010 |
||
| 245 |
_aDesk encyclopedia of general virology / _ceditors-in-chief Brian W J Mahy, Marc H V van Regenmortel. |
||
| 260 |
_aBoston, MA : _bElsevier, _cc2010. |
||
| 300 |
_a644 p. : _bill. ; _c28 cm. |
||
| 440 |
_aEncyclopedia of virology _98629 |
||
| 500 | _aIncludes index. | ||
| 650 |
_aVirology _xEncyclopedias _98630 |
||
| 700 |
_avan Regenmortel, Marc, editor _98631 |
||
| 942 |
_2lcc _cSSLC |
||
| 999 |
_c13799 _d13799 |
||